000 00686nam a2200217Ia 4500
005 20251020182455.0
008 200515s9999 xx 000 0 und d
082 _a624.011.01/I54
110 _aIninvi Cespac Care Perú
245 0 _aMejores construcciones con Quincha : guía del participante
260 _aLima
260 _bIninvi Cespac Care Perú
260 _cs.a.
300 _a127 p.
300 _bil.
500 _a1 ejemplar
520 _aCurso para la enseñanza de construcción de casas utilizando la Quincha, utilizando la metodología de graf. y con cuestionarios para evaluar el avance del participante.
650 _aQUINCHA
942 _cLIB
999 _c969
_d969